Ricostruisci la Carriera del Calciatore - Luca Toni - Statistics

Statistiche generali
  • Questo quiz è stato fatto 11 volte
  • Il punteggio medio è 6 su 16
Statistiche sulle risposte
Hint Risposta % Corretto
2005-2007 Fiorentina
86%
2007-2010 Bayern Monaco
71%
2003-2005 Palermo
71%
2012-2013 Fiorentina
57%
2001-2003 Brescia
43%
2011-2012 Juventus
43%
2010 Roma
43%
2013-2016 Verona
43%
1997-1998 Fiorenzuola
29%
1994-1996 Modena
29%
2000-2001 Vicenza
29%
2012 Al-Nasr
14%
1996-1997 Empoli
14%
2010-2011 Genoa
14%
1998-1999 Lodigiani
14%
1999-2000 Treviso
14%
Nessun quiz corrispondente trovato
Distribuzione punteggi
Percentuale di utenti per punteggio
Percentile per numero di risposta
I tuoi punteggi nel tempo
Non hai fatto questo quiz